[Event "SRB-ch U20 Girls"]
[Site "Vrnjacka Banja"]
[Date "2005.08.17"]
[Round "7"]
[White "Djukic, Sandra"]
[Black "Bjeloglav, Milica"]
[Result "1-0"]
[WhiteElo "2095"]
[BlackElo "2058"]
[PlyCount "85"]
[EventDate "2005.08.11"]
[EventType "tourn"]
[EventRounds "9"]
[EventCountry "YUG"]
[SourceTitle "EXT 2023"]
[Source "ChessBase"]
[SourceDate "2022.10.05"]
[SourceVersion "1"]
[SourceVersionDate "2022.10.05"]
[SourceQuality "1"]

1. g3 g6 2. Bg2 Bg7 3. Nf3 Nf6 4. 0-0 0-0 5. Re1 d5 6. d4 c6 7. c4 e6 8. Qc2 Ne4 9. Nbd2 f5 10. b4 Nd7 11. Bb2 Nxd2 12. Nxd2 f4 13. Nf3 fxg3 14. hxg3 Qe7 15. a3 Nb6 16. c5 Nc4 17. e4 Qf7 18. Ne5 Nxe5 19. dxe5 Bd7 20. Bd4 Rad8 21. Qe2 Rfe8 22. a4 Bc8 23. Qe3 Qc7 24. f4 Qf7 25. Ra2 Re7 26. b5 Bd7 27. Rb2 Qe8 28. Bf1 Qf7 29. Bh3 Rf8 30. exd5 cxd5 31. Rc2 Rc8 32. Rec1 Qe8 33. Qa3 Bf8 34. Qb3 a6 35. Bf1 axb5 36. axb5 g5 37. Rg2 Rg7 38. Rcc2 Be7 39. f5 exf5 40. Qxd5+ Qf7 41. Qxd7 Rd8 42. Qxd8+ Bxd8 43. Bc4 1-0

[Event "SRB-ch U20 Girls"]
[Site "Vrnjacka Banja"]
[Date "2005.08.12"]
[Round "2"]
[White "Bjeloglav, Milica"]
[Black "Stojanovic, Andjelija"]
[Result "0-1"]
[WhiteElo "2058"]
[BlackElo "2162"]
[PlyCount "78"]
[EventDate "2005.08.11"]
[EventType "tourn"]
[EventRounds "9"]
[EventCountry "YUG"]
[SourceTitle "EXT 2023"]
[Source "ChessBase"]
[SourceDate "2022.10.05"]
[SourceVersion "1"]
[SourceVersionDate "2022.10.05"]
[SourceQuality "1"]

1. e4 e5 2. Nf3 d6 3. d4 exd4 4. Nxd4 Nf6 5. Nc3 Be7 6. Bf4 0-0 7. Qd2 Nc6 8. 0-0-0 Nxd4 9. Qxd4 Be6 10. f3 a6 11. g4 Nd7 12. Qd2 Ne5 13. Be2 c6 14. Kb1 b5 15. g5 a5 16. h4 a4 17. Rdg1 b4 18. Nd1 b3 19. cxb3 axb3 20. a3 Nc4 21. Qc3 d5 22. Bxc4 dxc4 23. Nf2 Bc5 24. Rd1 Qe7 25. Be3 Qa7 26. Rhe1 Rfd8 27. Bxc5 Qxc5 28. Nd3 Qd6 29. Nf2 Qg3 30. Nh1 Qxh4 31. Rxd8+ Rxd8 32. Qa5 Rf8 33. Rg1 Qh2 34. Qe1 Qc2+ 35. Ka1 Ra8 36. Qb1 Qd2 37. Rd1 Qxg5 38. Nf2 Qc5 39. Rd2 c3 0-1